Largest Cities & Towns of MASSACHUSETTS in 1850 - Statistics

General Stats
  • This quiz has been taken 194 times
  • The average score is 7 of 12
Answer Stats
No. Population Answer % Correct
3 136,881 Boston
99%
56 11,766 Springfield
85%
40 17,049 Worcester
85%
45 15,215 Cambridge
83%
22 33,383 Lowell
78%
42 16,443 New Bedford
65%
57 11,524 Fall River
64%
34 20,264 Salem
63%
48 14,257 Lynn
53%
62 10,441 Taunton
29%
39 17,216 Charlestown
18%
36 18,364 Roxbury
18%
No matching quizzes found
Score Distribution
Percent of People with Each Score
Percentile by Number Answered
Your Score History
You have not taken this quiz